[Event "ICS rated blitz match"]
[Site "204.178.125.65"]
[Date "2000.09.27"]
[Round "?"]
[White "guicar"]
[Black "Hossa"]
[Result "0-1"]
[WhiteElo "2166"]
[BlackElo "2509"]
[PlyCount "34"]
[EventDate "2000.??.??"]

1. d4 Nf6 2. e3 g6 3. Bc4 d5 4. Bd3 Nc6 5. Nf3 Bg4 6. h3 Bxf3 7. Qxf3 Nb4 8.
Nc3 Nxd3+ 9. cxd3 c6 10. O-O Bh6 11. Rd1 Qb6 12. Qe2 Bg7 13. b3 O-O 14. Bb2 Nd7
15. Na4 Qb5 16. e4 dxe4 17. dxe4 Qxe2 {guicar resigns} 0-1

[Event "ICS rated blitz match"]
[Site "164.58.253.13"]
[Date "2000.09.27"]
[Round "?"]
[White "HoneyChess"]
[Black "Hossa"]
[Result "0-1"]
[WhiteElo "2045"]
[BlackElo "2094"]
[PlyCount "70"]
[EventDate "2000.??.??"]

1. Nf3 d5 2. d4 c6 3. Bf4 Bf5 4. Nbd2 e6 5. e3 Nd7 6. Be2 Be7 7. O-O h6 8. Bd3
Bxd3 9. cxd3 Ngf6 10. Ne5 Nb6 11. Rc1 g5 12. Bg3 h5 13. Nef3 Nfd7 14. h3 g4 15.
hxg4 hxg4 16. Nh2 Bb4 17. Nxg4 Qg5 18. Ne5 Qh6 19. f4 Nxe5 20. dxe5 Qg6 21. Be1
Bxd2 22. Qxd2 O-O-O 23. Qe2 Qh7 24. Ba5 Rdg8 25. Qf3 Qxd3 26. Bxb6 axb6 27. Rc3
Qh7 28. Ra3 Kc7 29. Re1 Qh4 30. Rd1 Rg3 31. Qf1 Rhg8 32. Rc3 Rh3 33. Rxc6+ bxc6
34. g4 Rxg4+ 35. Qg2 Rh1# {HoneyChess checkmated} 0-1

[Event "ICS rated blitz match"]
[Site "164.58.253.13"]
[Date "2000.09.27"]
[Round "?"]
[White "Zorch"]
[Black "Hossa"]
[Result "0-1"]
[WhiteElo "2047"]
[BlackElo "2128"]
[PlyCount "108"]
[EventDate "2000.??.??"]

1. g3 Nf6 2. Bg2 d5 3. b3 e5 4. Bb2 Nc6 5. d3 Bc5 6. e3 O-O 7. Ne2 d4 8. e4 a5
9. a3 Bg4 10. h3 Be6 11. O-O Qd7 12. Kh2 a4 13. b4 Bb6 14. f4 exf4 15. gxf4 Nh5
16. Rf3 Qd8 17. Ng3 Qh4 18. Nxh5 Qxh5 19. Rf1 Qh4 20. Nd2 Bd7 21. Qf3 Rfe8 22.
Qg3 Qxg3+ 23. Kxg3 Re6 24. f5 Re7 25. Nf3 f6 26. Kf4 Rd8 27. h4 Be8 28. Kg4 Na7
29. Rab1 Nb5 30. h5 Nc3 31. Bxc3 dxc3 32. Rbe1 Bc6 33. h6 gxh6 34. Kh5 Kg7 35.
Nh2 Rg8 36. Bf3 Be8+ 37. Kh4 Bd4 38. Bh5 Bxh5 39. Kxh5 Rge8 40. Nf3 Bb6 41. Re2
c5 42. Rg2+ Kh8 43. Kxh6 cxb4 44. axb4 Be3+ 45. Kh5 a3 46. Ra1 Ra8 47. Re2 Bf4
48. d4 Bd6 49. e5 Bxb4 50. Ree1 Rf7 51. e6 Rg7 52. d5 Rg3 53. Nh4 Rg5+ 54. Kh6
Bf8# {Zorch checkmated} 0-1

[Event "ICS rated blitz match"]
[Site "164.58.253.13"]
[Date "2000.09.27"]
[Round "?"]
[White "Hossa"]
[Black "Funda"]
[Result "1-0"]
[WhiteElo "2155"]
[BlackElo "1959"]
[PlyCount "135"]
[EventDate "2000.??.??"]

1. d4 d5 2. c4 c6 3. cxd5 cxd5 4. Nc3 Nf6 5. Nf3 Nc6 6. Bf4 Qb6 7. Qd2 Ne4 8.
Nxe4 dxe4 9. d5 e6 10. Be3 Qb5 11. Nd4 Qxd5 12. Nxc6 Qxc6 13. Bd4 Bd7 14. e3 a5
15. Bc3 Be7 16. Rc1 O-O 17. Bxg7 Bb4 18. Bc3 Rfc8 19. Qd4 e5 20. Qxe5 f6 21.
Qf4 Qe6 22. a3 Rxc3 23. bxc3 Bxa3 24. Rc2 Rc8 25. Be2 Bd6 26. Qh6 Qb3 27. Bd1
Rxc3 28. Qxf6 Rxc2 29. Qg5+ Kf7 30. Bh5+ Kf8 31. Qd8+ Kg7 32. Qxd7+ Kh6 33.
Qxd6+ Kg7 34. Qe5+ Kg8 35. O-O Qb2 36. Qxe4 b6 37. Qe7 Qg7 38. Qe6+ Kh8 39.
Qxb6 Qe5 40. Qd8+ Kg7 41. Qd7+ Kh6 42. Rd1 Qxh5 43. Rd6+ Qg6 44. Rxg6+ hxg6 45.
f4 Rc1+ 46. Kf2 Rc5 47. g4 a4 48. g5+ Rxg5 49. fxg5+ Kxg5 50. Qxa4 Kf5 51. Qc6
Kg5 52. Qxg6+ Kxg6 53. h4 Kf5 54. Kf3 Kf6 55. e4 Kg6 56. Kf4 Kg7 57. Ke5 Kg6
58. Kd6 Kh5 59. e5 Kxh4 60. e6 Kg3 61. e7 Kf3 62. e8=Q Kf2 63. Qe4 Kf1 64. Qc2
Ke1 65. Ke5 Kf1 66. Kf4 Ke1 67. Kg3 Kf1 68. Qd1# {Funda checkmated} 1-0

[Event "ICS rated standard match"]
[Site "164.58.253.13"]
[Date "2000.09.27"]
[Round "?"]
[White "Hrenoff"]
[Black "Hossa"]
[Result "0-1"]
[WhiteElo "1863"]
[BlackElo "2040"]
[PlyCount "70"]
[EventDate "2000.??.??"]

1. e4 d6 2. d4 Nf6 3. Nc3 e6 4. f4 d5 5. e5 Ne4 6. Nf3 Bb4 7. Bd2 Nxd2 8. Qxd2
Nd7 9. a3 Be7 10. Bd3 c5 11. h4 cxd4 12. Ne2 Nc5 13. Nexd4 Bd7 14. g3 Rc8 15.
c3 O-O 16. Ng5 h6 17. Ngf3 Qb6 18. Rb1 f5 19. exf6 gxf6 20. Qe3 Bd6 21. Kd2
Rfe8 22. f5 Bf8 23. fxe6 Bxe6 24. Qf4 Nxd3 25. Kxd3 Bd7 26. g4 Re4 27. Qd2 Qa6+
28. Kc2 Bxg4 29. h5 Bxf3 30. Rhg1+ Kf7 31. Rbf1 Rxd4 32. Qxd4 Bc5 33. Qd2 Be4+
34. Kc1 Rg8 35. Rxg8 Qxf1+ {Hrenoff resigns} 0-1

[Event "ICS rated standard match"]
[Site "164.58.253.13"]
[Date "2000.09.27"]
[Round "?"]
[White "Hossa"]
[Black "hajo"]
[Result "1-0"]
[WhiteElo "2074"]
[BlackElo "1952"]
[PlyCount "109"]
[EventDate "2000.??.??"]

1. d4 Nf6 2. c4 Nc6 3. Nf3 e6 4. Nc3 Bb4 5. Qc2 d6 6. a3 Bxc3+ 7. Qxc3 O-O 8.
b4 e5 9. dxe5 dxe5 10. Bg5 h6 11. Rd1 Qe7 12. Bxf6 Qxf6 13. b5 Nd4 14. Nxd4
exd4 15. Rxd4 Bf5 16. e3 Rad8 17. Be2 c5 18. bxc6 bxc6 19. c5 Rxd4 20. Qxd4
Qxd4 21. exd4 Rd8 22. Bf3 Rxd4 23. Bxc6 Rc4 24. Kd2 Rxc5 25. Rc1 Rxc1 26. Kxc1
Kf8 27. Bd5 f6 28. Kd2 Ke7 29. Kc3 Kd6 30. Kd4 g5 31. g3 h5 32. h4 gxh4 33.
gxh4 Bg4 34. Be4 f5 35. Bd5 f4 36. f3 Bf5 37. Bf7 Bc2 38. Bxh5 Ke6 39. Bg4+ Kf6
40. Bd7 Kg6 41. Ke5 Kh5 42. Kxf4 Kxh4 43. Ke5 Kg5 44. f4+ Kg6 45. f5+ Kf7 46.
Be6+ Kf8 47. Bd5 a5 48. f6 a4 49. Kd4 Bb3 50. Bxb3 axb3 51. Kc3 Kf7 52. a4 Kxf6
53. a5 Ke7 54. a6 Kd7 55. a7 {hajo resigns} 1-0

[Event "ICS rated standard match"]
[Site "164.58.253.13"]
[Date "2000.09.27"]
[Round "?"]
[White "Hrenoff"]
[Black "Hossa"]
[Result "0-1"]
[WhiteElo "1869"]
[BlackElo "2110"]
[PlyCount "50"]
[EventDate "2000.??.??"]

1. e4 d6 2. d4 Nf6 3. Bd3 g6 4. f4 Bg7 5. Nf3 O-O 6. Be3 c5 7. c3 cxd4 8. cxd4
Qb6 9. Qe2 d5 10. e5 Ng4 11. Nc3 Nxe3 12. Qxe3 Qxb2 13. Rc1 Qxg2 14. Rg1 Qb2
15. Nxd5 Nc6 16. Rc2 Qa3 17. h4 Qa5+ 18. Nc3 Nb4 19. h5 Nxd3+ 20. Qxd3 Bf5 21.
Qd2 Bxc2 22. Qxc2 Rac8 23. Kd2 Rc4 24. hxg6 fxg6 25. Ng5 Rxf4 {Hrenoff resigns}
0-1

[Event "ICS rated blitz match"]
[Site "164.58.253.13"]
[Date "2000.09.27"]
[Round "?"]
[White "Hossa"]
[Black "FreeMind"]
[Result "1-0"]
[WhiteElo "2171"]
[BlackElo "1939"]
[PlyCount "43"]
[EventDate "2000.??.??"]

1. e4 c5 2. Nf3 e6 3. d4 cxd4 4. Nxd4 Nf6 5. Nc3 Nc6 6. Ndb5 Bb4 7. Bg5 O-O 8.
a3 Bxc3+ 9. Nxc3 h6 10. Bh4 g5 11. Bg3 e5 12. h4 Kg7 13. hxg5 hxg5 14. Qd6 Re8
15. f3 Qe7 16. Nb5 Qxd6 17. Nxd6 Re6 18. Nf5+ Kg8 19. Bc4 Re8 20. Nh6+ Kg7 21.
Bxf7 Rh8 22. Nf5+ {FreeMind resigns} 1-0

[Event "ICS rated blitz match"]
[Site "164.58.253.13"]
[Date "2000.09.27"]
[Round "?"]
[White "FreeMind"]
[Black "Hossa"]
[Result "0-1"]
[WhiteElo "1935"]
[BlackElo "2184"]
[PlyCount "112"]
[EventDate "2000.??.??"]

1. e4 d6 2. d4 Nf6 3. Nc3 e6 4. f4 d5 5. e5 Ne4 6. Nxe4 dxe4 7. c3 c5 8. Be3
cxd4 9. Qxd4 Qxd4 10. Bxd4 Nc6 11. Bb5 Bd7 12. Bxc6 Bxc6 13. Ne2 b6 14. Ng3 h5
15. h4 Rd8 16. O-O-O Bd5 17. Kb1 g6 18. Rhe1 Be7 19. Nxe4 Bxh4 20. Re2 Bxe4+
21. Rxe4 Bg3 22. Rd3 h4 23. Kc2 Ke7 24. Re2 Bxf4 25. Rf3 Bg3 26. Bf2 Bxf2 27.
Rexf2 Rhf8 28. Rf4 g5 29. Rg4 f6 30. exf6+ Rxf6 31. Re2 Rd5 32. Rge4 a6 33. b3
Kd7 34. c4 Rdf5 35. Rd2+ Ke7 36. Red4 Rf2 37. Rd7+ Kf8 38. Kc3 Rxd2 39. Rxd2
Ke7 40. Re2 Rh6 41. b4 h3 42. gxh3 Rxh3+ 43. Kd4 Rh4+ 44. Kc3 Kd6 45. Rd2+ Ke5
46. c5 Rh3+ 47. Kb2 bxc5 48. bxc5 Rh7 49. Kb3 g4 50. Kc4 g3 51. c6 Rh2 52. Rd1
Rc2+ 53. Kd3 Rxc6 54. Rg1 Kf4 55. Rf1+ Kg4 56. Rg1 Kh3 {FreeMind resigns} 0-1

[Event "ICS rated blitz match"]
[Site "164.58.253.13"]
[Date "2000.09.27"]
[Round "?"]
[White "Hossa"]
[Black "FreeMind"]
[Result "1-0"]
[WhiteElo "2195"]
[BlackElo "1932"]
[PlyCount "51"]
[EventDate "2000.??.??"]

1. d4 Nf6 2. c4 e6 3. Nc3 Bb4 4. e3 O-O 5. Nf3 c5 6. Bd3 d5 7. O-O dxc4 8. Bxc4
a6 9. a3 Bxc3 10. bxc3 b5 11. Be2 cxd4 12. cxd4 Bb7 13. Bd2 Nbd7 14. Bb4 Re8
15. Nd2 Nb6 16. Rc1 Nbd5 17. Bc5 Rc8 18. Bd3 h6 19. Qf3 Qd7 20. e4 Ne7 21. Nb3
Nc6 22. Rc2 Rcd8 23. Rfc1 e5 24. d5 Ne7 25. Bb6 Rc8 26. Rc7 {FreeMind resigns}
1-0

[Event "ICS rated blitz match"]
[Site "164.58.253.13"]
[Date "2000.09.27"]
[Round "?"]
[White "FreeMind"]
[Black "Hossa"]
[Result "0-1"]
[WhiteElo "1929"]
[BlackElo "2205"]
[PlyCount "44"]
[EventDate "2000.??.??"]

1. e4 e5 2. Nf3 Nc6 3. Bc4 Bc5 4. c3 Nf6 5. d3 d6 6. Bb3 O-O 7. O-O a6 8. h3
Be6 9. Re1 Qd7 10. Kh2 Bxf2 11. Re2 Bc5 12. Be3 Bxe3 13. Rxe3 Bxb3 14. Qxb3 d5
15. exd5 Nxd5 16. Re1 Rfe8 17. Nbd2 Nf4 18. d4 exd4 19. cxd4 b5 20. a4 Nxd4 21.
Nxd4 Qxd4 22. Nf3 Qf2 {FreeMind resigns} 0-1

[Event "ICS rated blitz match"]
[Site "164.58.253.13"]
[Date "2000.09.27"]
[Round "?"]
[White "Hossa"]
[Black "FreeMind"]
[Result "1-0"]
[WhiteElo "2214"]
[BlackElo "1926"]
[PlyCount "43"]
[EventDate "2000.??.??"]

1. c4 e5 2. Nc3 Bb4 3. e4 Nc6 4. Nge2 Nf6 5. g3 O-O 6. Bg2 Bxc3 7. bxc3 d6 8.
d3 h6 9. O-O Be6 10. f4 Bg4 11. fxe5 Nxe5 12. Be3 b6 13. Qc2 Qd7 14. Rxf6 gxf6
15. Bxh6 Rfe8 16. Rf1 Qe6 17. Nf4 Qd7 18. Nd5 Qe6 19. Nxc7 Qd7 20. Nxa8 Rxa8
21. Rxf6 Bh3 22. Qd2 {FreeMind resigns} 1-0

[Event "ICS rated blitz match"]
[Site "164.58.253.13"]
[Date "2000.09.27"]
[Round "?"]
[White "FreeMind"]
[Black "Hossa"]
[Result "0-1"]
[WhiteElo "1923"]
[BlackElo "2222"]
[PlyCount "120"]
[EventDate "2000.??.??"]

1. e4 e5 2. Nf3 Nc6 3. Nc3 Nf6 4. g3 Bc5 5. Bg2 d6 6. O-O Nd4 7. d3 Nxf3+ 8.
Bxf3 Bh3 9. Bg2 Qd7 10. Qe2 O-O-O 11. Be3 Bxe3 12. Qxe3 Kb8 13. a4 Bxg2 14.
Kxg2 Ng4 15. Qe2 h5 16. f3 Nf6 17. h3 h4 18. g4 g5 19. b4 Qc6 20. Qd2 d5 21. b5
Qc5 22. Nxd5 Nxd5 23. exd5 Rxd5 24. Qe2 Rd4 25. Rfe1 f6 26. Qd2 Rhd8 27. Re2
R8d7 28. Qe1 Re7 29. Qd2 Rd8 30. Qe1 Red7 31. Qf2 Qb4 32. Qe1 Qd4 33. Ra2 Qc5
34. Ra1 Rd6 35. Qf2 Qc3 36. Qe1 Qd4 37. Ra2 Re6 38. Qf2 Qb4 39. Qe1 Qc5 40. Qf2
Qe7 41. Qe1 Qd6 42. Qf2 Rd7 43. Qe1 Qd4 44. Qf2 Qb4 45. Qe1 Qc5 46. Qf2 Qf8 47.
Qe1 Qg8 48. Qc3 Red6 49. Qe1 Qxa2 50. Qf2 Qxa4 51. Qe1 Qxb5 52. Qf2 Qb2 53. Qe1
a5 54. Qf2 a4 55. Qe1 a3 56. c4 Qb6 57. Qa1 Rxd3 58. Rc2 Rd2+ 59. Rxd2 Rxd2+
60. Kh1 Qf2 {FreeMind resigns} 0-1

[Event "ICS rated blitz match"]
[Site "164.58.253.13"]
[Date "2000.09.27"]
[Round "?"]
[White "Hossa"]
[Black "ArturoToscanini"]
[Result "1-0"]
[WhiteElo "2195"]
[BlackElo "1851"]
[PlyCount "39"]
[EventDate "2000.??.??"]

1. e4 e6 2. d4 d5 3. Nc3 dxe4 4. Nxe4 Bd7 5. Nf3 Bc6 6. Bd3 Bxe4 7. Bxe4 c6 8.
O-O Nd7 9. c4 Ngf6 10. Bd3 Qc7 11. Bd2 Bd6 12. g3 h5 13. c5 Bxg3 14. fxg3 h4
15. Bf4 Qd8 16. Nxh4 Nd5 17. Ng6 Rh3 18. Qg4 Nxf4 19. Nxf4 g5 20. Nxe6 {
ArturoToscanini resigns} 1-0

[Event "ICS rated standard match"]
[Site "164.58.253.13"]
[Date "2000.09.27"]
[Round "?"]
[White "Hossa"]
[Black "bryz"]
[Result "1-0"]
[WhiteElo "2130"]
[BlackElo "1890"]
[PlyCount "28"]
[EventDate "2000.??.??"]

1. e4 c5 2. Nf3 d6 3. d4 cxd4 4. Nxd4 Nf6 5. Nc3 g6 6. Be3 Bg7 7. f3 O-O 8. Qd2
Nc6 9. Bc4 Bd7 10. O-O-O Qa5 11. Nb3 Qb4 12. Bd5 Na5 13. a3 Nxb3+ 14. Bxb3 Rfc8
{bryz resigns} 1-0

[Event "ICS rated standard match"]
[Site "164.58.253.13"]
[Date "2000.09.27"]
[Round "?"]
[White "bryz"]
[Black "Hossa"]
[Result "0-1"]
[WhiteElo "1887"]
[BlackElo "2149"]
[PlyCount "68"]
[EventDate "2000.??.??"]

1. e4 e5 2. Nf3 Nc6 3. Bb5 a6 4. Ba4 Nf6 5. O-O Be7 6. Re1 b5 7. Bb3 d6 8. c3
O-O 9. h3 Na5 10. Bc2 c5 11. d4 Qc7 12. b3 cxd4 13. cxd4 Nc6 14. dxe5 dxe5 15.
Bb2 Rd8 16. Nbd2 Be6 17. Rc1 Qa5 18. Bb1 Rac8 19. Qe2 Nh5 20. Bc3 Bb4 21. Bxb4
Qxb4 22. Nf1 Nf4 23. Qe3 Qd6 24. Ng3 Nd4 25. Rxc8 Bxc8 26. Nf5 Bxf5 27. exf5
Nfe2+ 28. Kf1 Nxf3 29. Qxf3 Nd4 30. Qe4 f6 31. Rc1 Qd7 32. b4 Re8 33. a3 Kh8
34. g4 Nb3 {bryz resigns} 0-1

[Event "ICS rated standard match"]
[Site "164.58.253.13"]
[Date "2000.09.27"]
[Round "?"]
[White "Hossa"]
[Black "bryz"]
[Result "1-0"]
[WhiteElo "2165"]
[BlackElo "1884"]
[PlyCount "59"]
[EventDate "2000.??.??"]

1. e4 c5 2. Nf3 d6 3. d4 cxd4 4. Nxd4 Nf6 5. Nc3 g6 6. Be3 Bg7 7. f3 O-O 8. Qd2
Nc6 9. Bc4 Bd7 10. O-O-O Rc8 11. Bb3 Ne5 12. h4 h5 13. Bg5 a6 14. Bh6 Nc4 15.
Bxc4 Rxc4 16. Bxg7 Kxg7 17. Nd5 Nxd5 18. exd5 b5 19. Rhe1 Re8 20. Re4 Qa8 21.
Qe3 Qd8 22. g4 hxg4 23. fxg4 f6 24. Re1 e5 25. dxe6 Bc8 26. Rf1 Qe7 27. g5 f5
28. Rxf5 Rf8 29. Rxf8 Qxf8 30. Rf4 {bryz resigns} 1-0

[Event "ICS Rated standard match"]
[Site "164.58.253.13"]
[Date "2000.09.27"]
[Round "?"]
[White "Hossa"]
[Black "chernin"]
[Result "0-1"]
[WhiteElo "2178"]
[BlackElo "2349"]
[PlyCount "120"]
[EventDate "2000.??.??"]

1. e4 e6 2. d4 d5 3. Nc3 Nf6 4. Bg5 dxe4 5. Nxe4 Be7 6. Bxf6 gxf6 7. Nf3 f5 8.
Nc3 Bf6 9. Qd2 c5 10. d5 O-O 11. O-O-O Bg7 12. Qe3 Qb6 13. d6 Rd8 14. Qf4 Nc6
15. Bc4 Nd4 16. Nxd4 cxd4 17. Nb5 a6 18. Nc7 Rb8 19. Rd3 Rxd6 20. Ne8 e5 21.
Qh4 Rg6 22. Nxg7 Kxg7 23. Rh3 h6 24. Qe7 Be6 25. Rg1 d3 26. Bxe6 Qxf2 27. Qxf7+
Kh8 28. Rxd3 Qxg1+ 29. Rd1 Qxg2 30. h4 Rg7 31. Qxf5 Qh2 32. Kb1 Qf4 33. Qh5 b5
34. Qe2 Re8 35. Rf1 Qg3 36. Bd5 Qxh4 37. Qe3 Qg5 38. Qh3 Rd8 39. Bc6 Rf7 40.
Rh1 Rf6 41. Bb7 Rfd6 42. Bf3 e4 43. Bg4 Qd2 44. Rc1 e3 45. Qh5 Qd5 46. Qh3 Qg5
47. Rh1 Rd2 48. Rg1 Rxc2 49. Kxc2 Rd2+ 50. Kb1 Qf6 51. Qxh6+ Qxh6 52. Rf1 e2
53. Rc1 Qg6+ 54. Ka1 Qxg4 55. Rh1+ Kg7 56. Rb1 Rd1 57. a3 e1=Q 58. Rxd1 Qexd1+
59. Ka2 Qc4+ 60. b3 Qcc2# {Hossa checkmated} 0-1

[Event "ICS rated blitz match"]
[Site "164.58.253.13"]
[Date "2000.09.27"]
[Round "?"]
[White "basplas"]
[Black "Hossa"]
[Result "1-0"]
[WhiteElo "2004"]
[BlackElo "2201"]
[PlyCount "79"]
[EventDate "2000.??.??"]

1. e4 e5 2. Bc4 Nf6 3. d3 Nc6 4. Nc3 Bb4 5. Nge2 d5 6. exd5 Nxd5 7. Bxd5 Qxd5
8. O-O Qd8 9. f4 O-O 10. Kh1 f6 11. f5 Ne7 12. Ng3 Bc5 13. Nce4 Bb6 14. Bd2 a5
15. Qe2 Nd5 16. a3 a4 17. Qg4 Ne3 18. Bxe3 Bxe3 19. Rf3 Bb6 20. Nh5 Rf7 21.
Nexf6+ Kh8 22. Ne4 Qf8 23. Raf1 Qe7 24. Qg3 Qe8 25. f6 g6 26. Ng7 Qd7 27. Ng5
Kg8 28. Qh4 h5 29. Qe4 Rxg7 30. fxg7 Kxg7 31. Rf7+ Kh6 32. Rxd7 Bxd7 33. h4 Be8
34. Qxe5 Bd4 35. Qf4 Bb5 36. Qxd4 Re8 37. Rf7 Re1+ 38. Kh2 Rh1+ 39. Kxh1 Bxd3
40. Qg7# {Hossa checkmated} 1-0

[Event "ICS rated standard match"]
[Site "164.58.253.13"]
[Date "2000.09.27"]
[Round "?"]
[White "NBACHESSJAM"]
[Black "Hossa"]
[Result "0-1"]
[WhiteElo "1877"]
[BlackElo "2158"]
[PlyCount "90"]
[EventDate "2000.??.??"]

1. e4 d6 2. d4 Nf6 3. Nc3 e6 4. Nf3 Be7 5. Be2 O-O 6. O-O Nc6 7. Bb5 a6 8. Bxc6
bxc6 9. Bg5 Rb8 10. b3 a5 11. a4 Ba6 12. Re1 Ra8 13. e5 Nd7 14. Bxe7 Qxe7 15.
exd6 cxd6 16. d5 cxd5 17. Nxd5 Qd8 18. Nc3 Bb7 19. Nb5 Ra6 20. c4 Nc5 21. Nfd4
Qg5 22. f3 e5 23. Nc7 exd4 24. Nxa6 Bxa6 25. Qxd4 Nxb3 26. Qxd6 Nxa1 27. Rxa1
Bxc4 28. Re1 Qd8 29. Qc5 Qd2 30. Qf2 Qb4 31. h3 Qxa4 32. Qc5 Qb4 33. Qf2 a4 34.
Qe3 a3 35. Qe8 Rxe8 36. Rxe8+ Qf8 37. Rxf8+ Kxf8 38. Kf2 a2 39. Ke3 a1=Q 40. g4
Qc3+ 41. Kf4 g5+ 42. Kxg5 f6+ 43. Kh4 Qe1+ 44. Kh5 Bf7+ 45. Kh6 Qh4# {
NBACHESSJAM checkmated} 0-1

[Event "ICS rated blitz match"]
[Site "204.178.125.65"]
[Date "2000.09.27"]
[Round "?"]
[White "Hossa"]
[Black "PostModernist"]
[Result "1-0"]
[WhiteElo "2513"]
[BlackElo "2558"]
[PlyCount "163"]
[EventDate "2000.??.??"]

1. e4 Nc6 2. d4 d5 3. Nc3 e6 4. e5 Bd7 5. Nf3 Nge7 6. a3 Nf5 7. g3 Be7 8. Bh3
Bc8 9. O-O O-O 10. Kh1 Re8 11. Bf4 b6 12. Qd3 a6 13. Rfd1 Na5 14. b3 c6 15. Qe2
Nb7 16. Kg1 Bd7 17. Rf1 a5 18. Rfb1 Rc8 19. Qa6 Qc7 20. Qd3 g6 21. Re1 Ng7 22.
Bg4 Qd8 23. Bh6 c5 24. Qa6 cxd4 25. Nxd4 Nc5 26. Qf1 Nxb3 27. cxb3 Rxc3 28.
Rec1 Rxc1 29. Qxc1 Nf5 30. Nxf5 exf5 31. Bf3 Be6 32. Be2 Qd7 33. Qf1 Qc7 34.
Bb5 Rd8 35. Qe1 Bxa3 36. Rxa3 Qc5 37. Qc1 Qxb5 38. Qg5 f6 39. Qxf6 Qd7 40. b4
Re8 41. bxa5 bxa5 42. Rxa5 Qf7 43. Qxf7+ Bxf7 44. f4 Be6 45. Ra7 d4 46. Kf2 Rb8
47. Ke2 Bc4+ 48. Kf2 Rb2+ 49. Kg1 d3 50. Rg7+ Kh8 51. Rd7 Rb8 52. h3 Bb5 53.
Rd6 Kg8 54. Kf2 Bc4 55. Ke3 Rb2 56. Bg5 Bb5 57. Kd4 Rb1 58. Kc5 Kg7 59. e6 h6
60. Bh4 Rb2 61. e7 Kf7 62. Rd8 Be8 63. Rxd3 Rh2 64. Kd6 Rxh3 65. Kc7 Rh1 66.
Rd6 Rxh4 67. gxh4 Kxe7 68. Rd3 Bf7 69. Kc6 Be8+ 70. Kc5 Bd7 71. Kd4 Kf6 72. Rb3
Bc8 73. Rb6+ Be6 74. Rd6 h5 75. Rc6 Kf7 76. Ke5 Bd7 77. Rc7 Ke7 78. Rxd7+ Ke8
79. Kf6 Kxd7 80. Kxg6 Ke6 81. Kxh5 Kf6 82. Kh6 {PostModernist resigns} 1-0

[Event "ICS rated blitz match"]
[Site "204.178.125.65"]
[Date "2000.09.27"]
[Round "?"]
[White "Extripator"]
[Black "Hossa"]
[Result "1/2-1/2"]
[WhiteElo "2585"]
[BlackElo "2531"]
[PlyCount "106"]
[EventDate "2000.??.??"]

1. d4 d5 2. c4 e6 3. Nc3 Nf6 4. Bg5 Be7 5. e3 O-O 6. Nf3 Nbd7 7. Rc1 c6 8. Bd3
dxc4 9. Bxc4 Nd5 10. Bxe7 Qxe7 11. O-O Nxc3 12. Rxc3 e5 13. Qc2 exd4 14. exd4
Nb6 15. Re1 Qd8 16. Bb3 Nd5 17. Bxd5 Qxd5 18. Re5 Qd6 19. Rce3 h6 20. Re7 Rb8
21. Qc5 Qxc5 22. dxc5 Be6 23. b3 Rfd8 24. Kf1 Rd5 25. b4 Kf8 26. Rc7 a5 27. Ne5
Kg8 28. a3 axb4 29. axb4 Rd4 30. b5 cxb5 31. Ke2 Bd5 32. Nf3 Ra4 33. Ree7 Ra2+
34. Ke3 b4 35. Rcd7 Bc6 36. Rc7 Ra3+ 37. Kf4 Bd5 38. Rcd7 g5+ 39. Ke5 Bxf3 40.
gxf3 Rxf3 41. Rxb7 Rc8 42. Kd5 Rxf2 43. c6 Rd2+ 44. Kc5 Rxh2 45. Rxf7 Rc2+ 46.
Kb5 R8xc6 47. Rg7+ Kf8 48. Rh7 R2c5+ 49. Ka4 Kg8 50. Rbg7+ Kf8 51. Rb7 Kg8 52.
Rbg7+ Kf8 53. Rb7 Kg8 {Game drawn by repetition} 1/2-1/2

[Event "ICS rated blitz match"]
[Site "204.178.125.65"]
[Date "2000.09.27"]
[Round "?"]
[White "Hossa"]
[Black "PostModernist"]
[Result "0-1"]
[WhiteElo "2533"]
[BlackElo "2533"]
[PlyCount "86"]
[EventDate "2000.??.??"]

1. d4 Nf6 2. c4 c5 3. d5 g6 4. Nc3 Bg7 5. e4 d6 6. Bd3 e5 7. Nge2 O-O 8. O-O
Nbd7 9. Bg5 b6 10. Nb5 Qe7 11. Nc7 Rb8 12. Qd2 a6 13. f4 Bb7 14. fxe5 Nxe5 15.
Rad1 Rfc8 16. Qf4 Ned7 17. Nxa6 Bxa6 18. Nc3 Ra8 19. Rd2 Re8 20. Rdf2 Nh5 21.
Qd2 f6 22. Bh6 Ne5 23. Bxg7 Kxg7 24. Qd1 Qd7 25. b3 Ng4 26. Rf3 Kh8 27. Be2 f5
28. Rh3 Qg7 29. exf5 Ne3 30. Rxe3 Rxe3 31. Na4 Nf6 32. fxg6 Rae8 33. Bd3 Nxd5
34. Bb1 Nf4 35. Qd2 Qh6 36. Qb2+ R8e5 37. Kh1 Bb7 38. Rg1 Rh3 39. g7+ Kxg7 40.
Rf1 Rxh2+ 41. Kg1 Rh1+ 42. Kf2 Nd3+ 43. Bxd3 Qf4# {Hossa checkmated} 0-1

[Event "ICS rated blitz match"]
[Site "204.178.125.65"]
[Date "2000.09.27"]
[Round "?"]
[White "Hossa"]
[Black "LoadedGun"]
[Result "1-0"]
[WhiteElo "2517"]
[BlackElo "2251"]
[PlyCount "175"]
[EventDate "2000.??.??"]

1. e4 e6 2. d4 Be7 3. Nf3 d5 4. exd5 exd5 5. Bd3 Nf6 6. O-O O-O 7. Re1 Nc6 8.
c3 Bg4 9. h3 Bh5 10. Bf4 Bg6 11. Bxg6 fxg6 12. Ng5 Qd7 13. Ne6 Rfc8 14. Nd2 Kh8
15. Qe2 a5 16. Qb5 b6 17. Re3 a4 18. Rae1 Ra5 19. Qe2 Ra7 20. a3 Rb7 21. Qd1 b5
22. Bg5 Rb6 23. Qe2 Re8 24. Bf4 Bd6 25. Bxd6 Qxd6 26. Nf3 Re7 27. Nc5 Rxe3 28.
Qxe3 Rb8 29. Ng5 Qf8 30. Qf4 Rc8 31. Na6 h6 32. Ne6 Qe7 33. Naxc7 Nd8 34. Qg3
Nxe6 35. Nxe6 Qf7 36. Nf4 g5 37. Nd3 Ne4 38. Qe3 Qf5 39. f3 Nd6 40. Nb4 Re8 41.
Qc1 Re6 42. Qb1 Qf7 43. Re5 Rxe5 44. dxe5 Nc4 45. Qd3 Qf4 46. e6 Qc1+ 47. Kh2
Qf4+ 48. g3 Qe5 49. Nxd5 Qxe6 50. f4 Qe1 51. fxg5 Qf2+ 52. Kh1 Nxb2 53. Qe3
Qxe3 54. Nxe3 hxg5 55. Kg1 g6 56. Kf1 Kg7 57. Ke2 Kf7 58. Kf3 Nd3 59. Ke4 Nf2+
60. Kd4 Ke6 61. Kc5 Ne4+ 62. Kxb5 Nxc3+ 63. Kb4 Ne2 64. Kxa4 Nxg3 65. Kb5 Ne4
66. a4 Nf2 67. a5 Ne4 68. a6 Nd6+ 69. Kc6 Nc8 70. Nc4 Ke7 71. Kb7 Kd8 72. Nb6
Na7 73. Kxa7 Kc7 74. Nc4 Kc6 75. Ne5+ Kd5 76. Nxg6 Ke6 77. Kb7 Kf6 78. a7 Kxg6
79. Kc6 g4 80. hxg4 Kg5 81. Kd5 Kf4 82. a8=Q Ke3 83. Qf8 Kd3 84. Qf3+ Kd2 85.
Kc4 Ke1 86. Qg2 Kd1 87. Kd3 Kc1 88. Qc2# {LoadedGun checkmated} 1-0

[Event "ICS rated blitz match"]
[Site "204.178.125.65"]
[Date "2000.09.27"]
[Round "?"]
[White "PostModernist"]
[Black "Hossa"]
[Result "1-0"]
[WhiteElo "2555"]
[BlackElo "2523"]
[PlyCount "83"]
[EventDate "2000.??.??"]

1. d4 d5 2. Nf3 Nf6 3. e3 e6 4. Bd3 c5 5. b3 Nc6 6. Bb2 cxd4 7. exd4 Bd6 8. O-O
b6 9. Ne5 Bb7 10. Nd2 Rc8 11. Qf3 O-O 12. a3 Qc7 13. Rfe1 Be7 14. Qh3 Nxe5 15.
dxe5 Ne4 16. Bxe4 dxe4 17. c4 b5 18. Qg3 Rfd8 19. Nxe4 bxc4 20. Nd6 Qb6 21.
Nxc8 Rxc8 22. b4 Qc7 23. Bd4 Bc6 24. Rac1 Ba4 25. Be3 c3 26. Bh6 Bf8 27. Re4
Kh8 28. Rg4 g6 29. Bxf8 Rxf8 30. Rxc3 Rd8 31. h3 Rd1+ 32. Kh2 Qd7 33. Qf3 Kg8
34. Qa8+ Kg7 35. Rc8 Qe7 36. Rg8+ Kh6 37. Qe4 g5 38. Rh4+ gxh4 39. Qf4+ Kh5 40.
Qg4+ Kh6 41. Qg7+ Kh5 42. Qxh7# {Hossa checkmated} 1-0

[Event "ICS rated blitz match"]
[Site "204.178.125.65"]
[Date "2000.09.27"]
[Round "?"]
[White "Hossa"]
[Black "Tinker"]
[Result "0-1"]
[WhiteElo "2508"]
[BlackElo "2370"]
[PlyCount "132"]
[EventDate "2000.??.??"]

1. e4 e5 2. Nf3 Nc6 3. Bc4 d6 4. d4 exd4 5. Nxd4 Nxd4 6. Qxd4 Ne7 7. O-O Nc6 8.
Qc3 Ne5 9. Be2 c6 10. Be3 Rg8 11. Nd2 Bg4 12. Bxg4 Nxg4 13. Bd4 c5 14. Qh3 cxd4
15. Qxg4 Rc8 16. Rfc1 g6 17. Qh3 h6 18. Qd3 Bg7 19. Nb3 Qb6 20. Rd1 Be5 21.
Rac1 Rc7 22. a3 a6 23. Rb1 Ke7 24. g3 Rgc8 25. Rd2 Rc4 26. f4 Bg7 27. f5 Qb5
28. Qe2 Rxc2 29. Qxb5 axb5 30. Rd3 gxf5 31. exf5 R8c4 32. g4 d5 33. h4 Re2 34.
g5 hxg5 35. hxg5 Be5 36. Rd2 Re3 37. f6+ Ke6 38. Na5 Rc7 39. b4 Rxa3 40. Nb3
Rc4 41. Na5 Rg3+ 42. Rg2 Rxg2+ 43. Kxg2 Rc2+ 44. Kf3 Kf5 45. Nxb7 Rc3+ 46. Ke2
Kxg5 47. Rf1 Re3+ 48. Kd2 Bf4 49. Kc2 Rc3+ 50. Kb2 Be5 51. Nc5 d3 52. Nd7 Bd4
53. Ka2 d2 54. Rd1 Be3 55. Nb6 d4 56. Nd5 Rc1 57. Rxd2 Bxd2 58. Kb2 d3 59. Kb3
Kh4 60. Ne7 Bg5 61. Nf5+ Kg4 62. Nd4 d2 63. Ka2 d1=Q 64. Nb3 Qc2+ 65. Ka3 Ra1+
66. Nxa1 Bc1# {Hossa checkmated} 0-1